مكتبة جامعة عجلون الوطنية

فهرس بحث المكتبة

Normal view MARC view
  • النحو - علم الصرف - الألفاظ الدخيلة - الإملاء - قواعد اللغة - مجامع اللغة العربية

Entry Topical Term

Number of records used in: 1

001 - CONTROL NUMBER

  • control field: 66927

003 - CONTROL NUMBER IDENTIFIER

  • control field: JO-AjAnu

005 - DATE AND TIME OF LATEST TRANSACTION

  • control field: 20260105110236.0

008 - FIXED-LENGTH DATA ELEMENTS

  • fixed length control field: 260105|| aca||babn | a|a d

040 ## - CATALOGING SOURCE

  • Original cataloging agency: JO-AjAnu

150 ## - HEADING--TOPICAL TERM

  • Topical term or geographic name entry element: النحو - علم الصرف - الألفاظ الدخيلة - الإملاء - قواعد اللغة - مجامع اللغة العربية